00924 a2200217 4500003000500000005001700005010001600022020002800038020003500066040000900101082001600110245011000126260005700236300003600293505010400329650003900433650002200472700003000494856009500524856008700619NUST20221223174532.0 a 92020153 a0520079639 (alk. paper) a0520079647 (pbk. : alk. paper) cNust00a355.009,CHA14aThe art of war in world history :bfrom antiquity to the nuclear age (Vol-2) /cEdited by Geard Chaliand. aBerkeley :bUniversity of California Press,c[c1994] axxix, 1072 p. :bmaps ;c24 cm. aLimited Wars in The West (Page-501), The Age of Total Wars (Page-629), The Nuclear Era (Page-991) . 0aMilitary art and sciencexHistory. 0aMilitary history.1 aChaliand, GℲard,d1934-423Contributor biographical informationuhttp://www.loc.gov/catdir/bios/ucal051/92020153.html423Publisher descriptionuhttp://www.loc.gov/catdir/description/ucal041/92020153.html